Guess the kpop idol pt2! - Statistics

General Stats
  • This quiz has been taken 157 times
  • The average score is 9 of 16
Answer Stats
Picture Answer % Correct
Giselle
85%
Yeonjun
83%
Yuna
82%
Wonhee
78%
Liz
71%
IU
68%
Belle
67%
Jake
57%
Wonbin
51%
Bae
50%
Wendy
50%
Leeseo
48%
Asa
33%
Sungho
31%
Jisung
27%
Sunwoo
27%
No matching quizzes found
Score Distribution
Percent of People with Each Score
Percentile by Number Answered
Your Score History
You have not taken this quiz